00430nam a2200157Ia 4500001001000000003000500010008004100015010001100056040000900067100001800076245004300094260005500137300001400192440003800206650002800244Para_3618CHAP220125s1900 xx 000 0 und d a202150 cCHAP aAldrich, J. M aThe codling moth /c by J. M. Aldrich aMoscow, Idaho :b Agricultural Experiment Station ap. 99-112 aIdaho. Agri. Exp. Sta., Bull.; 21 aPalomilla de la manzana